Suomen kaupunkeja - Satunnainen "hirsipuu" - Statistics

Yleistilastot
  • Tätä visaa on pelattu 353 kertaa
  • Keskiarvotulos 4 / 6
Vastaustilastot
Kirjeet % Oikein
A
100%
A
100%
A
100%
A
100%
A
100%
A
100%
A
100%
A
100%
A
100%
A
100%
A
100%
A
100%
A
100%
Ä
100%
A
100%
A
100%
A
100%
E
100%
E
100%
E
100%
E
100%
I
100%
I
100%
I
100%
I
100%
I
100%
K
100%
K
100%
K
100%
L
100%
L
100%
L
100%
M
100%
N
100%
O
100%
O
100%
O
100%
O
100%
O
100%
R
100%
R
100%
R
100%
R
100%
S
100%
S
100%
S
100%
T
100%
U
100%
V
100%
V
100%
V
100%
I
83%
A
80%
A
80%
I
80%
O
80%
T
80%
Ä
75%
Ä
75%
H
75%
I
75%
O
75%
O
75%
P
75%
T
75%
U
75%
U
75%
U
75%
U
75%
I
71%
I
71%
R
71%
S
71%
A
67%
A
67%
A
67%
I
67%
I
67%
I
67%
L
67%
L
67%
L
67%
M
67%
M
67%
M
67%
N
67%
O
67%
O
67%
P
67%
S
67%
T
67%
U
67%
U
67%
V
67%
A
60%
K
60%
N
60%
N
60%
R
60%
R
60%
U
60%
V
60%
E
50%
H
50%
K
50%
M
50%
M
50%
N
50%
N
50%
Ö
50%
R
50%
R
50%
R
50%
S
50%
R
40%
I
25%
N
25%
P
25%
R
25%
F
20%
S
20%
S
20%
I
0%
N
0%
O
0%
O
0%
O
0%
P
0%
R
0%
T
0%
V
0%
V
0%
Ehtoja vastaavia visoja ei löytynyt
Tulosjakauma
Jokaisen tuloksen saaneiden osuus
Persentiili vastausten määrän mukaan
Tuloshistoriasi
Et ole pelannut tätä visaa